Statistics for Billboard's Top 5 Artists each Year

Click here to take the quiz!

General Stats

  • This quiz has been taken 94 times
  • The average score is 35 of 70

Answer Stats

#YearArtist% Correct
42013Rihanna
95%
22011Rihanna
95%
32008Rihanna
95%
22012Rihanna
95%
22010Taylor Swift
81%
32012Taylor Swift
81%
52008Taylor Swift
81%
42014Taylor Swift
81%
42018Taylor Swift
81%
12009Taylor Swift
81%
12015Taylor Swift
81%
22013Taylor Swift
81%
42015Drake
78%
12018Drake
78%
52019Drake
78%
32017Drake
78%
42012Drake
78%
32016Drake
78%
22016Justin Bieber
78%
52012Justin Bieber
78%
42016Beyonce
66%
22009Beyonce
66%
32014Beyonce
66%
22014Katy Perry
66%
32011Katy Perry
66%
32010Eminem
64%
22019Ariana Grande
62%
42011Lady Gaga
60%
32009Lady Gaga
60%
12010Lady Gaga
60%
12011Adele
57%
12012Adele
57%
12016Adele
57%
12013Bruno Mars
52%
22017Bruno Mars
52%
22015Ed Sheeran
51%
12017Ed Sheeran
51%
32018Ed Sheeran
51%
32013Justin Timberlake
49%
52014Justin Timberlake
49%
32007Justin Timberlake
49%
32019Billie Eilish
40%
52017The Weeknd
40%
32015The Weeknd
40%
52018Cardi B
38%
12019Post Malone
36%
22018Post Malone
36%
52010Ke$ha
35%
42009The Black Eyed Peas
34%
12014One Direction
31%
52015One Direction
31%
12006Chris Brown
27%
12008Chris Brown
27%
42017Kendrick Lamar
25%
52009Miley Cyrus
22%
52011Lil Wayne
19%
22008Lil Wayne
19%
42008Alicia Keys
17%
52007Carrie Underwood
14%
22007Fergie
14%
52013Macklemore & Ryan Lewis
14%
52016twenty one pilots
14%
42019Khalid
10%
12007Akon
9%
52006Ne-Yo
8%
22006Nickelback
6%
42006Sean Paul
4%
42010Lady A
3%
42007Daughtry
1%
32006Rascal Flatts
0%

Score Distribution

Percentile by Number Answered

Percent of People with Each Score

Your Score History

You have not taken this quiz